Estudio sobre la carestía de subsistencias : (Record no. 43782)
[ view plain ]
| 000 -LEADER | |
|---|---|
| campo de control de longitud fija | 01548nam a2200301 i 4500 |
| 001 - NÚMERO DE CONTROL | |
| campo de control | 43782 |
| 003 - IDENTIFICADOR DE NÚMERO DE CONTROL | |
| campo de control | ES-MaACL |
| 005 - FECHA Y HORA DE LA ÚLTIMA TRANSACCIÓN | |
| campo de control | 20250820063030.0 |
| 007 - CAMPO FIJO DE DESCRIPCIÓN FÍSICA--INFORMACIÓN GENERAL | |
| campo de control de longitud fija | t| |
| 008 - DATOS DE LONGITUD FIJA--INFORMACIÓN GENERAL | |
| campo de control de longitud fija | 030318e1888 sp |r 00110 spa |
| 080 ## - NÚMERO DE LA CLASIFICACIÓN DECIMAL UNIVERSAL | |
| Número de la Clasificación Decimal Universal | 338(46)"18" |
| 100 1# - ENTRADA PRINCIPAL--NOMBRE DE PERSONA | |
| Nombre de persona | Cervigón y Lerín, Benito |
| Término indicativo de función/relación | Autor |
| 9 (RLIN) | 37661 |
| 245 10 - MENCIÓN DEL TÍTULO | |
| Título | Estudio sobre la carestía de subsistencias : |
| Resto del título | su origen : sus consecuencias : medios de evitarla / |
| Mención de responsabilidad, etc. | por D. Benito Cervigón y Lerín ; memoria premiada con accésit por la Real Academia de Ciencias Morales y Políticas en el concurso ordinario de 1884 |
| 260 ## - PUBLICACIÓN, DISTRIBUCIÓN, ETC. | |
| Lugar de publicación, distribución, etc. | Madrid : |
| Nombre del editor, distribuidor, etc. | [s.n., |
| Fecha de publicación, distribución, etc. | 1888] |
| Fabricante | (Tip. de los Huérfanos) |
| 300 ## - DESCRIPCIÓN FÍSICA | |
| Extensión | 122 páginas ; |
| Dimensiones | 27 cm |
| 500 ## - NOTA GENERAL | |
| Nota general | Índice |
| 530 ## - NOTA DISPONIBLE DE FORMULARIO FÍSICO ADICIONAL | |
| Nota de formato físico adicional disponible | Disponible en formato digital |
| 594 ## - Nota al título y mención de responsabilidad | |
| Nota al título y mención de responsabilidad | En página 7: "Tema: 'La carestía de las subsistencias: sus causas: sus efectos: medios de evitarla y de promover la baratura en el comercio de los artículos de primera necesidad'" |
| 651 #4 - PUNTO DE ACCESO ADICIONAL DE MATERIA--NOMBRE GEOGRÁFICO | |
| Nombre geográfico | España- |
| Subdivisión general | Situación económica- |
| Subdivisión cronológica | S.XIX |
| 9 (RLIN) | 8504 |
| 710 2# - ENTRADA AGREGADA--NOMBRE DE ENTIDAD CORPORATIVA | |
| Nombre de entidad corporativa o nombre de jurisdicción como elemento de entrada | Real Academia de Ciencias Morales y Políticas (España) |
| Término indicativo de función/relación | entidad responsable |
| 9 (RLIN) | 222050 |
| 710 2# - ENTRADA AGREGADA--NOMBRE DE ENTIDAD CORPORATIVA | |
| Nombre de entidad corporativa o nombre de jurisdicción como elemento de entrada | Tipografía de los Huérfanos |
| Término indicativo de función/relación | Impresor |
| 9 (RLIN) | 241930 |
| 852 4# - LOCALIZACIÓN | |
| Ubicación | ES-MaACL |
| Ubicación en estantería | Depósito folletos |
| Número de control de estantería | 1641-F-10 |
| 852 4# - LOCALIZACIÓN | |
| Ubicación | ES-MaACL |
| Ubicación en estantería | Administración |
| Número de control de estantería | F-M-III-O (VI) |
| Encuadernación | En. en un vol. facticio |
| -- | Pasta española, falto de cub. original |
| 856 4# - LOCALIZACIÓN Y ACCESO ELECTRÓNICOS | |
| Identificador Uniforme de Recursos | <a href="https://bibliotecadigital.jcyl.es/es/consulta/registro.do?id=31739">https://bibliotecadigital.jcyl.es/es/consulta/registro.do?id=31739</a> |
| Texto de enlace | Versión en línea |
| Nota pública | (Biblioteca Digital de Castilla y León (BDCYL)) |
| 942 ## - ELEMENTOS DE ENTRADA SECUNDARIOS (KOHA) | |
| Fuente del sistema de clasificación o colocación | Clasificación decimal universal |
| Tipo de ítem Koha | Libro impreso antiguo |
| Suprimir en OPAC | No |
| Estatus retirado | Estado de pérdida | Fuente del sistema de clasificación o colocación | Estado de daño | No para préstamo | Colección | Biblioteca de origen | Biblioteca actual | Ubicación en estantería | Fecha de adquisición | Total de préstamos | Signatura topográfica completa | Código de barras | Visto por última vez | Tipo de ítem Koha |
|---|---|---|---|---|---|---|---|---|---|---|---|---|---|---|
| Clasificación decimal universal | Colección digital | Biblioteca del Ateneo de Madrid | Biblioteca del Ateneo de Madrid | Depósito folletos | 17/01/2008 | 1641-F-10 | 1046086 | 23/02/2023 | Folleto | |||||
| Clasificación decimal universal | Libros del s. XIX | Biblioteca del Ateneo de Madrid | Biblioteca del Ateneo de Madrid | Administración | 19/08/2025 | F-M-III-O (VI) | 1159921 | 19/08/2025 | Libro impreso antiguo |
